| 000 | 00411nam a22001337a 4500 | ||
|---|---|---|---|
| 008 | 230704b xxu||||| |||| 00| 0 eng d | ||
| 020 | _a9211480868 | ||
| 082 |
_a363.4 _bINC |
||
| 110 | _bUnited Nations | ||
| 245 |
_aCommission on Narcotic drugs _breport on the thirty-fourth Session _cEconomic and Social Council _hSupplement No. 5 |
||
| 260 |
_aNew York _bUnited Nations _c1993 |
||
| 300 | _a89p | ||
| 942 |
_2ddc _cBK |
||
| 999 |
_c3901 _d3901 |
||